[Event "IsBank TCh-TUR"]
[Site "Konya TUR"]
[Date "2010.07.06"]
[Round "10"]
[White "Burneckas,Y"]
[Black "Catalkilic,O"]
[Result "0-1"]
[WhiteElo "1946"]
[BlackElo "1962"]
[EventDate "2010.06.29"]

1. d4 d5 2. Nf3 Nf6 3. c4 dxc4 4. e3 a6 5. Bxc4 b5 6. Bd3 e6 7. a4 b4 8.
Nbd2 Bb7 9. O-O Nbd7 10. Nb3 c5 11. dxc5 Nxc5 12. Nxc5 Bxc5 13. Qe2 O-O 14.
Rd1 Qe7 15. e4 h6 16. h3 Rfd8 17. b3 Nxe4 18. Bxe4 Rxd1+ 19. Qxd1 Bxe4 20.
Qe2 Bd5 21. Bb2 Bxb3 22. Rc1 Bxa4 23. Qe5 f6 24. Qg3 Bd6 25. Qg4 Rd8 26.
Nd4 Be5 27. Nc6 Bxc6 28. Bxe5 Ba4 29. Rc7 Bd7 30. Bd4 e5 31. Bxe5 Bxg4 32.
Rxe7 fxe5 33. hxg4 Rb8 0-1

[Event "IsBank TCh-TUR"]
[Site "Konya TUR"]
[Date "2010.07.06"]
[Round "10"]
[White "Asan,E"]
[Black "Kaya,E"]
[Result "0-1"]
[WhiteElo "1796"]
[BlackElo "2006"]
[EventDate "2010.06.29"]

1. e4 c5 2. Nf3 g6 3. g3 Bg7 4. Bg2 Nc6 5. O-O e6 6. d3 Nge7 7. c3 O-O 8.
Nbd2 b5 9. Qe2 Rb8 10. Re1 d6 11. Nf1 Ba6 12. a3 Qc8 13. Bd2 b4 14. axb4
cxb4 15. Ra2 bxc3 16. bxc3 Bb5 17. h4 a5 18. Rc1 Ba6 19. Qe3 d5 20. N1h2
Qd8 21. Bf1 dxe4 22. dxe4 Bxf1 23. Kxf1 Qb6 24. Qxb6 Rxb6 25. Be3 Rb7 26.
Nd4 Rc8 27. Rca1 Nxd4 28. cxd4 Nc6 29. Nf3 Rbb8 30. Rc1 Ra8 31. d5 exd5 32.
exd5 Ne7 33. Rxc8+ Nxc8 34. Bd4 Bxd4 35. Nxd4 Nd6 36. Nb3 a4 37. Nc5 a3 38.
Ke2 Rc8 39. Nb3 Nb5 40. Kd2 Kf8 41. Na1 Nc3 42. Rc2 Ne4+ 43. Ke3 Nd6 44.
Rxc8+ Nxc8 45. Kd4 Ke7 46. Nc2 a2 47. Kc3 Kd6 48. Kb2 Kxd5 49. f3 Nd6 50.
Ne3+ Kd4 51. Ng4 h5 52. Nh2 Nf5 53. Nf1 Kd3 54. Kxa2 Ke2 55. Nh2 Nxg3 56.
Kb3 Kf2 57. Kc4 Kg2 58. Ng4 hxg4 59. fxg4 Kh3 60. h5 gxh5 61. gxh5 Nxh5 62.
Kd3 f5 63. Ke3 0-1

[Event "IsBank TCh-TUR"]
[Site "Konya TUR"]
[Date "2010.07.06"]
[Round "10"]
[White "Sanikidze,T"]
[Black "Drozdovskij,Y"]
[Result "1/2-1/2"]
[WhiteElo "2569"]
[BlackElo "2625"]
[EventDate "2010.06.29"]

1. d4 d5 2. c4 c6 3. Nf3 Nf6 4. Nc3 dxc4 5. a4 Bf5 6. Ne5 e6 7. f3 Bb4 8.
e4 Bxe4 9. fxe4 Nxe4 10. Bd2 Qxd4 11. Nxe4 Qxe4+ 12. Qe2 Bxd2+ 13. Kxd2
Qd5+ 14. Kc2 Na6 15. Nxc4 O-O 16. Qe5 Rab8 17. Rd1 Nb4+ 18. Kc1 Na2+ 19.
Kc2 Nb4+ 20. Kc1 Na2+ 21. Kc2 Nb4+ 1/2-1/2

[Event "IsBank TCh-TUR"]
[Site "Konya TUR"]
[Date "2010.07.06"]
[Round "10"]
[White "Selbes,T"]
[Black "Arutinian,D"]
[Result "0-1"]
[WhiteElo "2263"]
[BlackElo "2566"]
[EventDate "2010.06.29"]

1. e4 c6 2. d4 d5 3. e5 Bf5 4. Nf3 e6 5. Be2 Ne7 6. O-O Nd7 7. c4 dxc4 8.
Bxc4 Nb6 9. Bb3 Bg4 10. Nbd2 Qd7 11. h3 Bh5 12. Ne4 Ned5 13. a3 Be7 14. Bc2
Qc7 15. Qe2 Bg6 16. Bd2 h6 17. Rac1 O-O 18. Rfe1 Rfd8 19. Ba5 Re8 20. Nd6
Bxd6 21. exd6 Qxd6 22. Bxg6 fxg6 23. Ne5 g5 24. h4 gxh4 25. Bd2 Nd7 26.
Bxh6 Nxe5 27. dxe5 Qe7 28. Qg4 Rf8 29. Bg5 Qf7 30. Qxh4 Qf5 31. Re4 Qh7 32.
Qxh7+ Kxh7 33. f3 Kg6 34. Bd2 Rh8 35. Kf2 Rad8 36. Ba5 Rd7 37. Rcc4 Rh5 38.
Rg4+ Kf7 39. Rce4 c5 40. Bd2 b5 41. a4 a6 42. b3 Ne7 43. Be3 Rd8 44. axb5
axb5 45. Bg5 Nc6 46. f4 Rd2+ 47. Re2 Rxe2+ 48. Kxe2 Nd4+ 49. Kd3 Nxb3 0-1

[Event "IsBank TCh-TUR"]
[Site "Konya TUR"]
[Date "2010.07.06"]
[Round "10"]
[White "Dogan,A"]
[Black "Ergonen,A"]
[Result "1-0"]
[WhiteElo "2109"]
[BlackElo "1995"]
[EventDate "2010.06.29"]

1. d4 Nf6 2. c4 g6 3. Nf3 Bg7 4. g3 c5 5. d5 d6 6. Bg2 e6 7. Nc3 exd5 8.
cxd5 O-O 9. O-O Re8 10. Nd2 a6 11. a4 Nbd7 12. Nc4 Ne5 13. Nxe5 Rxe5 14. e4
Re8 15. Re1 Rb8 16. Rb1 b5 17. axb5 axb5 18. b4 cxb4 19. Na2 Ng4 20. h3 Ne5
21. Nxb4 Bd7 22. Bb2 Qc8 23. Kh2 Qb7 24. f4 Nc4 25. Bxg7 Kxg7 26. Qd4+ f6
27. Ra1 Ra8 28. Rxa8 Rxa8 29. e5 fxe5 30. fxe5 Qb6 31. Qxb6 Nxb6 32. exd6
Re8 33. Ra1 Ra8 34. Re1 Re8 35. Rc1 Rc8 36. Rd1 Re8 37. Nc6 Nc4 38. Ra1
Bxc6 39. dxc6 Nxd6 40. Rd1 Nc8 41. Rd5 Kf6 42. Rxb5 Ke6 43. h4 Ne7 44. Rb7
Kf6 45. Bh3 Nf5 46. Rb2 Rc8 47. Rc2 Rc7 48. Bxf5 Kxf5 49. Kh3 h6 50. g4+
Kf6 51. Kg3 Ke6 52. Kf4 Kf6 53. Ke4 Ke6 54. g5 hxg5 55. hxg5 Kd6 56. Kd4
Ke6 57. Kc5 Kf5 58. Rg2 Re7 59. Kd6 Re1 60. Rc2 Kxg5 61. Kd7 Rh1 62. c7 Rh8
63. c8=Q Rxc8 64. Rxc8 Kf4 65. Rf8+ Ke4 66. Rg8 Kf5 67. Kd6 g5 68. Kd5 Kf4
69. Kd4 g4 70. Rf8+ Kg3 71. Ke3 Kh2 72. Kf4 1-0

[Event "IsBank TCh-TUR"]
[Site "Konya TUR"]
[Date "2010.07.06"]
[Round "10"]
[White "Kayabolen,A"]
[Black "Afyoncu,O"]
[Result "1/2-1/2"]
[WhiteElo "1920"]
[BlackElo "2087"]
[EventDate "2010.06.29"]

1. e4 c5 2. Nf3 Nc6 3. d4 cxd4 4. Nxd4 Qc7 5. Nc3 e6 6. Be3 a6 7. Be2 Nf6
8. O-O Bb4 9. Na4 O-O 10. Nxc6 bxc6 11. Nb6 Rb8 12. Nxc8 Rfxc8 13. Bxa6 Rd8
14. Bd3 Bd6 15. f4 e5 16. b3 exf4 17. Bd4 f3 18. e5 Bxe5 19. Bxe5 Qxe5 20.
Qxf3 Re8 21. Qf4 Qc3 22. Rad1 Rb4 23. Qd2 Qc5+ 24. Qf2 Qxf2+ 25. Rxf2 Reb8
26. c4 Kf8 27. Bf5 d5 28. cxd5 cxd5 29. Rc1 R4b6 30. Rfc2 g6 31. Rc8+ Rxc8
32. Rxc8+ Kg7 33. Bc2 Re6 34. h3 Re2 35. Kf1 Rd2 36. b4 d4 37. Bb3 Ne4 38.
Rc2 Rd3 39. Ke1 Nc3 40. Rd2 Re3+ 41. Kf1 Re4 42. a4 f5 43. b5 d3 44. Rxd3
Nxa4 45. Bxa4 Rxa4 46. Rb3 Ra7 47. Ke2 Kf6 48. Kd3 1/2-1/2

[Event "IsBank TCh-TUR"]
[Site "Konya TUR"]
[Date "2010.07.06"]
[Round "10"]
[White "Dincel,M"]
[Black "Zdebskaja,N"]
[Result "0-1"]
[WhiteElo "1824"]
[BlackElo "2383"]
[EventDate "2010.06.29"]

1. c4 e5 2. Nc3 Nc6 3. e4 Bc5 4. Nf3 d6 5. h3 f5 6. d3 Nf6 7. Qe2 O-O 8.
Bg5 h6 9. Bh4 g5 10. Nxg5 hxg5 11. Bxg5 Nd4 12. Qd2 fxe4 13. dxe4 Ne6 14.
Bh6 Rf7 15. O-O-O Nh5 16. f3 Ng3 17. Rh2 Bg1 18. Rh1 Nxh1 19. Be2 Bh2 20.
Rxh1 Bg3 21. c5 dxc5 22. Qe3 Qd4 23. Rd1 Qxe3+ 24. Bxe3 Rd7 25. Nd5 Kg7 26.
Rh1 c6 27. Nc3 Nd4 28. Bd1 Rd8 29. h4 Be6 30. h5 Kh7 31. Bc2 Rg8 32. Bd1
Bf4 33. Bxf4 exf4 34. e5 Bd5 35. Rh2 Rae8 36. Bb3 Nxb3+ 37. axb3 0-1

[Event "IsBank TCh-TUR"]
[Site "Konya TUR"]
[Date "2010.07.06"]
[Round "10"]
[White "Aydogdu,A"]
[Black "Aydogdu,E"]
[Result "1/2-1/2"]
[WhiteElo "2083"]
[BlackElo "1999"]
[EventDate "2010.06.29"]

1. d4 d5 2. c4 c6 3. cxd5 cxd5 4. Nf3 Nf6 5. e3 Nc6 6. Bd3 Bg4 7. h3 Bh5 8.
O-O e6 9. Nc3 Bd6 10. Bd2 O-O 11. Rc1 Rc8 12. Ne2 Bg6 13. Bxg6 hxg6 14. Qb3
Qe7 15. Rfd1 Bb4 16. Bxb4 Qxb4 17. Qxb4 Nxb4 18. a3 Nc6 19. Nc3 Na5 20. Na4
Ne4 21. Ne5 Nb3 22. Rxc8 Rxc8 23. f3 Nd6 24. Nc3 Nc4 25. Nxc4 Rxc4 26. Kf2
Kf8 27. Ke2 Ke7 28. g4 Rc8 29. Rh1 Na5 30. Kd3 Nc4 31. Rh2 1/2-1/2

[Event "IsBank TCh-TUR"]
[Site "Konya TUR"]
[Date "2010.07.06"]
[Round "10"]
[White "Serin,S"]
[Black "Kerigan,D"]
[Result "0-1"]
[WhiteElo "1719"]
[BlackElo "2126"]
[EventDate "2010.06.29"]

1. d4 d5 2. Nf3 Nf6 3. Bg5 e6 4. e3 c6 5. c3 Nbd7 6. Bd3 Bd6 7. O-O O-O 8.
Nbd2 e5 9. dxe5 Nxe5 10. Nxe5 Bxe5 11. Nf3 Bd6 12. Qc2 h6 13. Bh4 Re8 14.
Bf5 Be7 15. Rad1 Nd7 16. Bxe7 Qxe7 17. Rfe1 Qf6 18. Nd2 g6 19. Bh3 Nc5 20.
Bxc8 Raxc8 21. h3 Rcd8 22. Nb3 Ne4 23. Re2 Re5 24. Nd2 Nc5 25. Nb3 Ne6 26.
Rde1 Re8 27. Nd2 Nf4 28. Nf3 Nxe2+ 29. Rxe2 Re4 30. Qb3 R4e7 31. Qa4 a6 32.
Qd1 g5 33. Qd3 h5 34. Nd4 Re5 35. g3 c5 36. Nc2 Qf3 37. Kh2 f5 38. Qd1 h4
39. gxh4 g4 40. hxg4 fxg4 41. Qd3 Kg7 42. Ne1 Qh3+ 43. Kg1 Qxh4 44. Ng2 Qh6
0-1

[Event "IsBank TCh-TUR"]
[Site "Konya TUR"]
[Date "2010.07.06"]
[Round "10"]
[White "Isparta,Sevim"]
[Black "Kaplan,E"]
[Result "0-1"]
[WhiteElo "1605"]
[BlackElo "1799"]
[EventDate "2010.06.29"]

1. e4 c5 2. Nf3 d6 3. d4 cxd4 4. Nxd4 Nf6 5. Nc3 g6 6. g3 Bg7 7. Bg2 O-O 8.
O-O Nc6 9. Nde2 Bd7 10. Nd5 Rc8 11. c3 Ne5 12. Be3 Nc4 13. Bxa7 Nxd5 14.
Qxd5 b6 15. b3 Na5 16. Nd4 Rc5 0-1

[Event "IsBank TCh-TUR"]
[Site "Konya TUR"]
[Date "2010.07.06"]
[Round "10"]
[White "Vatansever,Buse"]
[Black "Tandogan,Buket"]
[Result "1-0"]
[WhiteElo "1547"]
[BlackElo "1553"]
[EventDate "2010.06.29"]

1. e4 c5 2. Nf3 Nc6 3. d4 cxd4 4. Nxd4 Qc7 5. Nc3 e6 6. Be2 a6 7. Be3 Nf6
8. Qd2 Bb4 9. f3 O-O 10. O-O-O b5 11. Kb1 Bb7 12. g4 d6 13. g5 Nd7 14. h4
Nce5 15. Nb3 Rfc8 16. Bd4 Nc6 17. Bf2 Na5 18. Be1 Ne5 19. Nxa5 Qxa5 20. Qc1
Qb6 21. a3 Bc5 22. Bd2 Qc7 23. f4 Nc4 24. Bxc4 bxc4 25. f5 exf5 26. Nd5
Bxd5 27. exd5 Qb7 28. Bc3 Bxa3 29. Qf4 Rab8 30. Qd4 f6 31. gxf6 Bc5 32. Qf4
g6 33. h5 Rc7 34. hxg6 hxg6 35. Qh6 Rh7 36. Qxg6+ 1-0

[Event "IsBank TCh-TUR"]
[Site "Konya TUR"]
[Date "2010.07.06"]
[Round "10"]
[White "Atalik,S"]
[Black "Arduman,C"]
[Result "1/2-1/2"]
[WhiteElo "2607"]
[BlackElo "2335"]
[EventDate "2010.06.29"]

1. d4 Nf6 2. c4 g6 3. Nc3 Bg7 4. e4 d6 5. f3 O-O 6. Bg5 c5 7. d5 e6 8. Qd2
exd5 9. cxd5 a6 10. a4 Re8 11. Nge2 Nbd7 12. Ng3 Qa5 13. Be2 h5 14. O-O Nh7
15. Bh6 Bd4+ 16. Be3 Bg7 17. Nh1 f5 18. Nf2 Ne5 19. exf5 gxf5 20. Bh6 Bf6
21. Kh1 Kh8 22. g4 Nf7 23. Bf4 hxg4 24. fxg4 Qb4 25. Rae1 Bd7 26. gxf5 Bxf5
27. Bg4 Bxg4 28. Nxg4 Bg5 29. Rxe8+ Rxe8 30. Bxg5 Nfxg5 31. Rf4 Re1+ 32.
Kg2 Rg1+ 33. Kxg1 Nh3+ 34. Kf1 Nxf4 35. Qe3 Qc4+ 36. Kg1 Qd4 37. Qxd4+ cxd4
38. Ne4 Nxd5 39. Nxd6 b6 40. Nf5 d3 41. Nfe3 d2 42. Kf1 Nf4 43. Ne5 Nf6 44.
N5c4 b5 45. axb5 axb5 46. Nxd2 Nd3 47. Nd1 Nd5 48. Ke2 Ne5 1/2-1/2

[Event "IsBank TCh-TUR"]
[Site "Konya TUR"]
[Date "2010.07.07"]
[Round "11"]
[White "Can,E"]
[Black "Lastin,A"]
[Result "1/2-1/2"]
[WhiteElo "2477"]
[BlackElo "2643"]
[EventDate "2010.06.29"]

1. e4 c6 2. d4 d5 3. Nc3 dxe4 4. Nxe4 Bf5 5. Ng3 Bg6 6. h4 h6 7. Nf3 e6 8.
h5 Bh7 9. Bd3 Bxd3 10. Qxd3 Nf6 11. Bd2 c5 12. O-O-O Nc6 13. Bc3 Qd5 14.
dxc5 Qxd3 15. Rxd3 Bxc5 16. Bxf6 gxf6 17. Ne4 Be7 18. Rhd1 Rg8 19. g3 Rd8
20. Rxd8+ Nxd8 21. Nd6+ Bxd6 22. Rxd6 Nc6 23. c4 Rg4 24. b3 f5 25. Rd1 Ke7
26. Kd2 f4 27. Rg1 fxg3 28. Rxg3 Rf4 29. a3 Rf5 30. Rh3 Ra5 31. a4 Rf5 32.
Ke3 a5 33. Nh2 Rg5 34. Nf3 Rf5 35. Nh2 Re5+ 36. Kd3 Rg5 37. Nf3 Rf5 38. Ke3
Nb4 1/2-1/2

[Event "IsBank TCh-TUR"]
[Site "Konya TUR"]
[Date "2010.07.07"]
[Round "11"]
[White "Savchenko,B"]
[Black "Ari,Z"]
[Result "1-0"]
[WhiteElo "2642"]
[BlackElo "2184"]
[EventDate "2010.06.29"]

1. e4 c5 2. Nf3 d6 3. d4 cxd4 4. Nxd4 Nf6 5. Nc3 a6 6. Bg5 e6 7. f4 Qb6 8.
Nb3 Nc6 9. Be2 Bd7 10. Qd2 O-O-O 11. Bxf6 gxf6 12. O-O-O Rg8 13. Bh5 Rg7
14. Rhf1 Na5 15. Rf3 Nc4 16. Qe2 Qc7 17. Nd4 Kb8 18. f5 Rc8 19. Bxf7 Qb6
20. b3 Rxf7 21. fxe6 Bh6+ 22. Kb1 Bxe6 23. Nxe6 Na3+ 24. Kb2 Nc4+ 25. Ka1
Na3 26. Qd3 Qa5 27. Kb2 Ka8 28. Rf5 b5 29. Nd4 Rfc7 30. Nde2 Bf8 31. Qf3
Kb8 32. Rd4 d5 33. Rfxd5 Nc4+ 34. bxc4 Ba3+ 35. Ka1 Rxc4 36. Rxc4 Rxc4 37.
Qxf6 Rc7 38. Qd4 Kb7 39. Rd7 b4 40. Qd5+ Qxd5 41. Rxc7+ 1-0

[Event "IsBank TCh-TUR"]
[Site "Konya TUR"]
[Date "2010.07.07"]
[Round "11"]
[White "Diril,I"]
[Black "Gundogan,C"]
[Result "1-0"]
[WhiteElo "1648"]
[BlackElo "1816"]
[EventDate "2010.06.29"]

1. d4 d5 2. Nf3 Nf6 3. c4 e6 4. Nc3 Nbd7 5. Bg5 Be7 6. e3 O-O 7. Bd3 h6 8.
Bh4 c5 9. cxd5 exd5 10. O-O b6 11. Rc1 Bb7 12. Qc2 Rc8 13. Qb1 Ng4 14. Bxe7
Qxe7 15. Bf5 Ngf6 16. Ne5 Rc7 17. Nxd7 Nxd7 18. Rfd1 Nf6 19. Nb5 Rc6 20.
Nxa7 Rc7 21. Nb5 Rc6 22. Nc3 Bc8 23. dxc5 Rxc5 24. Bxc8 Rfxc8 25. Na4 Rxc1
26. Rxc1 Rxc1+ 27. Qxc1 Qb7 28. h3 Ne4 29. Nc3 Qc6 30. Ne2 Qxc1+ 31. Nxc1
Kf8 32. Kf1 Ke7 33. Ke2 Kd6 34. Nd3 Ke6 35. Kd1 Kd6 36. Kc2 f6 37. g4 Kc6
38. Kd1 Kb5 39. Ke2 Kc4 40. Nf4 b5 41. f3 Nd6 42. b3+ Kc5 43. Ne6+ Kb4 44.
Nxg7 Ka3 45. Kd3 Kxa2 46. Kc3 Ka3 47. Ne6 b4+ 48. Kc2 Ne8 49. Nd4 Nd6 50.
h4 Ka2 51. Nc6 Ka3 52. Ne7 Nc4 53. Nxd5 Na5 54. Nxf6 Nxb3 55. Ne4 Na5 56.
Nc5 Nc4 57. Kd3 Ne5+ 58. Ke4 Nd7 59. Nd3 b3 60. Kd4 Nb6 61. e4 Na4 62. e5
Nb2 63. Nxb2 Kxb2 64. e6 1-0

[Event "IsBank TCh-TUR"]
[Site "Konya TUR"]
[Date "2010.07.07"]
[Round "11"]
[White "Yaramis,H"]
[Black "Erturan,Y"]
[Result "0-1"]
[WhiteElo "2103"]
[BlackElo "2377"]
[EventDate "2010.06.29"]

1. e4 e6 2. d4 d5 3. e5 c5 4. c3 Qb6 5. Nf3 Nc6 6. a3 c4 7. Be2 Bd7 8. O-O
O-O-O 9. Nbd2 Na5 10. Ng5 Nh6 11. f4 f6 12. Nh3 Be7 13. Qe1 Rhg8 14. Bd1
Rdf8 15. Bc2 Rh8 16. Rb1 Kb8 17. Nf3 Nb3 18. Be3 Ng4 19. Nf2 Nxe3 20. Qxe3
f5 21. Kh1 h6 22. g3 Ba4 23. Bd1 Qd8 24. Nd2 Nxd2 25. Qxd2 Be8 26. Nh3 g5
27. Be2 Rfg8 28. Rg1 Rg7 29. Rbf1 Rhg8 30. Bd1 h5 31. Nxg5 Bxg5 32. fxg5
Rxg5 33. Rf4 R5g7 34. Rgf1 Qg5 35. Qf2 Rh8 36. Rh4 Kc7 37. Qf4 Qe7 38. Qd2
Kb6 39. Rff4 Ka5 40. b4+ cxb3 41. c4+ Ka6 42. c5 b6 43. Qb4 Kb7 44. Bxb3
Ka8 45. cxb6 Qxb4 46. axb4 axb6 47. Rf2 Ra7 48. Kg2 Kb7 49. h3 Rg8 50. Bd1
Ra3 51. Rf3 Ra1 52. Rd3 Ra2+ 53. Kf3 Ka6 54. Kf4 Bb5 55. Re3 Rd2 56. Ra3+
Kb7 57. Bxh5 Rxd4+ 58. Ke3 Rxh4 59. gxh4 Rh8 60. Bf7 Rxh4 61. Kf2 Bd7 62.
Rg3 Rh6 63. Kf3 Kc6 64. Kf4 d4 65. Kg5 Rh8 66. h4 Kd5 67. h5 Be8 68. Bxe8
Rxe8 69. h6 Kxe5 70. h7 Rh8 71. Kg6 Ke4 72. Rg1 e5 73. Re1+ Kd5 74. Kxf5
Rxh7 75. Rxe5+ Kc4 0-1

[Event "IsBank TCh-TUR"]
[Site "Konya TUR"]
[Date "2010.07.07"]
[Round "11"]
[White "Yargici,M"]
[Black "Firat,B"]
[Result "0-1"]
[WhiteElo "1822"]
[BlackElo "2403"]
[EventDate "2010.06.29"]

1. d4 d5 2. c4 c6 3. Nf3 Nf6 4. Nc3 e6 5. cxd5 exd5 6. Bg5 Nbd7 7. Qc2 Be7
8. e3 O-O 9. Bd3 Re8 10. O-O Nf8 11. Bxf6 Bxf6 12. b4 Bg4 13. Nd2 Rc8 14.
Rfc1 g6 15. Rab1 Qd6 16. Nb3 b6 17. a4 Bd7 18. a5 Ne6 19. Na4 Bd8 20. axb6
axb6 21. Nd2 Bc7 22. Nf1 b5 23. Nc5 Nxc5 24. Qxc5 Qxc5 25. Rxc5 Bd6 26. Rc3
Ra8 27. Bc2 Ra2 28. Nd2 Rea8 29. h3 Ra1 30. Rcb3 R8a2 31. Rxa1 Rxa1+ 32.
Nb1 Ra2 33. Bd3 Ra4 34. e4 dxe4 35. Bxe4 f5 36. Bf3 Bxb4 37. Kf1 Bd6 38.
Rd3 Ra1 39. Rd1 Bb4 40. Ke2 Kf7 41. Ke3 Ke7 42. Kd3 Kd6 43. Rc1 Ba3 44. Rd1
Bb4 45. Rc1 Ba5 46. g3 Bb6 47. Rd1 Ba5 48. Rc1 Bb4 49. Ke3 Ra2 50. h4 c5
51. Nc3 Ra3 52. dxc5+ Kxc5 53. Kd3 Be6 54. h5 Bc4+ 55. Kd2 Kd4 0-1

[Event "IsBank TCh-TUR"]
[Site "Konya TUR"]
[Date "2010.07.07"]
[Round "11"]
[White "Secer,A"]
[Black "Erbis,B"]
[Result "1-0"]
[WhiteElo "2325"]
[BlackElo "1950"]
[EventDate "2010.06.29"]

1. e4 d6 2. d4 Nf6 3. Nc3 g6 4. Be3 c6 5. Qd2 b5 6. Bd3 a6 7. Nf3 Qc7 8. e5
dxe5 9. Nxe5 Nbd7 10. Nxd7 Bxd7 11. Ne4 Nxe4 12. Bxe4 Bg7 13. O-O-O Be6 14.
Qc3 O-O 15. a3 Rac8 16. Qc5 Bd5 17. Bxd5 cxd5 18. Qxc7 Rxc7 19. Kd2 f6 20.
c3 e5 21. Ra1 f5 22. Rhe1 Bf6 23. Kd3 Kf7 24. Rad1 Rc6 25. Kc2 Rd8 26. Kb3
a5 1-0

[Event "IsBank TCh-TUR"]
[Site "Konya TUR"]
[Date "2010.07.07"]
[Round "11"]
[White "Yaka,B"]
[Black "Ushenina,A"]
[Result "0-1"]
[WhiteElo "1534"]
[BlackElo "2468"]
[EventDate "2010.06.29"]

1. e4 c5 2. c3 d6 3. d4 Qc7 4. Nf3 Nd7 5. Bd3 g6 6. O-O Bg7 7. Be3 Ngf6 8.
h3 O-O 9. Qd2 Re8 10. Bh6 Bh8 11. Re1 e5 12. d5 Nf8 13. Ng5 Nh5 14. Re3 Nf4
15. Bf1 f6 16. Nf3 Bg7 17. Bxg7 Qxg7 18. Kh2 Qh6 19. Ng1 g5 20. g3 Nxh3 21.
Kg2 Nxg1 22. Kxg1 f5 23. exf5 Bxf5 24. f3 g4 25. Qf2 gxf3 26. Qxf3 Nd7 27.
Re2 Rf8 28. Rh2 Qc1 29. Rf2 Bg6 30. Qe2 Rxf2 31. Kxf2 Rf8+ 32. Kg2 Kh8 33.
Qb5 Be4+ 34. Kg1 Qe3+ 0-1

[Event "IsBank TCh-TUR"]
[Site "Konya TUR"]
[Date "2010.07.07"]
[Round "11"]
[White "Yilmaz,B"]
[Black "Sipahioglu,I"]
[Result "0-1"]
[WhiteElo "1872"]
[BlackElo "2057"]
[EventDate "2010.06.29"]

1. d4 Nf6 2. c4 g6 3. Nc3 Bg7 4. e4 d6 5. f3 O-O 6. Be3 Nbd7 7. Nge2 c5 8.
dxc5 dxc5 9. Nf4 e6 10. Be2 b6 11. O-O Ne5 12. Qc2 Qe7 13. Rad1 Bb7 14. Rd2
Rfd8 15. Rfd1 Rd7 16. Rxd7 Nfxd7 17. Nb5 Nc6 18. Bd3 Rd8 19. Qc1 Nde5 20.
Bf1 a6 21. Na3 Nb4 22. Nc2 Nxa2 23. Rxd8+ Qxd8 24. Qa1 Nb4 25. Nxb4 cxb4
26. Qa4 Nc6 27. Qc2 Bd4 28. Bxd4 Qxd4+ 29. Qf2 a5 30. Qxd4 Nxd4 31. Kf2 Kf8
32. Ke3 Nb3 33. e5 Ke7 34. h4 Ba6 35. Bd3 a4 36. Ne2 a3 37. bxa3 bxa3 38.
Nc3 Nc1 0-1

[Event "IsBank TCh-TUR"]
[Site "Konya TUR"]
[Date "2010.07.07"]
[Round "11"]
[White "Komut,B"]
[Black "Burneckas,Y"]
[Result "1-0"]
[WhiteElo "2012"]
[BlackElo "1946"]
[EventDate "2010.06.29"]

1. d4 f5 2. c4 Nf6 3. g3 e6 4. Bg2 Bb4+ 5. Bd2 Be7 6. Bc3 d5 7. Nd2 O-O 8.
Nh3 c6 9. O-O Ne4 10. Nxe4 fxe4 11. b3 Bf6 12. Rc1 Nd7 13. f3 exf3 14. Bxf3
Re8 15. Nf2 dxc4 16. bxc4 Bg5 17. Rb1 Qc7 18. Kg2 e5 19. d5 cxd5 20. Bxd5+
Kh8 21. Ne4 Bf6 22. Qa4 b5 23. Rxb5 Rb8 24. Rxb8 Qxb8 25. Qc6 Qb6 26. Qxb6
axb6 27. Nd6 Rf8 28. Nf7+ Kg8 29. Nxe5+ Kh8 30. Nxd7 Bxd7 31. Bxf6 gxf6 32.
Rb1 Ra8 1-0

[Event "IsBank TCh-TUR"]
[Site "Konya TUR"]
[Date "2010.07.07"]
[Round "11"]
[White "Kaya,E"]
[Black "Sanal,S"]
[Result "1-0"]
[WhiteElo "2006"]
[BlackElo "1713"]
[EventDate "2010.06.29"]

1. e4 c5 2. Nf3 e6 3. Nc3 a6 4. g3 b5 5. Bg2 Bb7 6. d3 Qc7 7. O-O d6 8. Ng5
h6 9. Nh3 Nf6 10. f4 Nbd7 11. Nf2 Be7 12. a4 b4 13. Ne2 O-O 14. g4 Nh7 15.
Ng3 Rfe8 16. Be3 a5 17. Nh3 d5 18. g5 hxg5 19. fxg5 g6 20. Qe2 Qe5 21. Qf2
Qg7 22. Rae1 Rac8 23. b3 Ne5 24. Qe2 Bd8 25. Kh1 Nd7 26. Qf2 Be7 27. exd5
exd5 28. Nf4 Bxg5 29. Nxd5 Bxe3 30. Rxe3 Bxd5 31. Bxd5 Ndf6 32. Rxe8+ Rxe8
33. Bc4 Re7 34. Qf4 Qf8 35. Qd6 Qe8 36. Rxf6 Nxf6 37. Qxf6 Re1+ 38. Kg2
Qa8+ 39. Ne4 Re2+ 40. Kf1 Rxc2 41. Bxf7+ Kh7 42. Qxg6+ 1-0

[Event "IsBank TCh-TUR"]
[Site "Konya TUR"]
[Date "2010.07.07"]
[Round "11"]
[White "Karakehajov,K"]
[Black "Mamedov,Nid"]
[Result "1-0"]
[WhiteElo "2505"]
[BlackElo "2614"]
[EventDate "2010.06.29"]

1. d4 Nf6 2. Nf3 g6 3. c3 Bg7 4. Nbd2 d6 5. e4 Nc6 6. Be2 e5 7. dxe5 dxe5
8. O-O O-O 9. Re1 Qe7 10. Bf1 a5 11. a4 b6 12. b3 Rd8 13. Qc2 Ba6 14. Bxa6
Rxa6 15. Nc4 h6 16. Ne3 Raa8 17. Ba3 Qe6 18. Rad1 Bf8 19. Bxf8 Kxf8 20. c4
Nb4 21. Qb2 Nd3 22. Rxd3 Rxd3 23. Nxe5 Rxb3 24. Nxg6+ fxg6 25. Qxb3 Qxe4
26. Qc3 Qc6 27. Ng4 Nxg4 28. Qh8+ Kf7 29. Qh7+ Kf8 30. Qe7+ Kg8 31. Re6 1-0

[Event "IsBank TCh-TUR"]
[Site "Konya TUR"]
[Date "2010.07.07"]
[Round "11"]
[White "Olcum,A"]
[Black "Yurtseven,M"]
[Result "0-1"]
[WhiteElo "1949"]
[BlackElo "1964"]
[EventDate "2010.06.29"]

1. e4 c5 2. Nc3 a6 3. g3 b5 4. Bg2 Bb7 5. d3 e6 6. Nf3 Ne7 7. O-O d5 8.
exd5 Nxd5 9. Nxd5 Bxd5 10. b3 Be7 11. Bb2 Bf6 12. Bxf6 Qxf6 13. c4 Bb7 14.
cxb5 axb5 15. d4 cxd4 16. Nxd4 Bxg2 17. Kxg2 b4 18. Qg4 Na6 19. Nc6 h5 20.
Qe4 h4 21. Nxb4 h3+ 22. Kg1 O-O 23. Nxa6 Rxa6 24. a4 Rb8 25. Rab1 Rab6 26.
Qe3 Qf5 27. Rfd1 Qc2 28. Rdc1 Qf5 29. f3 Rb4 30. Kf2 Rxa4 31. bxa4 Rxb1 32.
Rc8+ Kh7 33. Qe4 Rb2+ 34. Kg1 Qxe4 35. fxe4 Rb4 36. a5 Rxe4 37. a6 Ra4 38.
Ra8 Ra2 39. a7 Kg6 40. Rh8 Rxa7 41. Rxh3 Ra2 42. Rh4 e5 43. Rg4+ Kf6 44.
Rb4 g6 45. Rb6+ Kf5 46. Rb4 e4 47. h4 Kg4 48. Rb3 f5 49. Rc3 Rd2 50. Rc6
Kxg3 51. Rxg6+ Kf3 52. Rf6 f4 53. h5 e3 54. Ra6 Rg2+ 55. Kh1 Rg5 56. Ra3
Kf2 57. Ra2+ e2 0-1

[Event "IsBank TCh-TUR"]
[Site "Konya TUR"]
[Date "2010.07.07"]
[Round "11"]
[White "Firat,Deniz"]
[Black "Morgul,E"]
[Result "1-0"]
[WhiteElo "1621"]
[BlackElo "1718"]
[EventDate "2010.06.29"]

1. d4 d5 2. c4 e6 3. Nf3 Nf6 4. Nc3 Be7 5. Bg5 O-O 6. e3 b6 7. Bd3 Bb7 8.
O-O Nbd7 9. Qe2 c5 10. cxd5 exd5 11. dxc5 Nxc5 12. Rfd1 h6 13. Bxf6 Bxf6
14. Rac1 Bxc3 15. Rxc3 Qf6 16. Bc2 Rac8 17. Nd4 Rfd8 18. Qf3 Qxf3 19. Nxf3
g6 20. Nd4 Kg7 21. Kf1 Ba6+ 22. Ke1 Ne6 23. Rxc8 Rxc8 24. Bb3 Bc4 25. Nxe6+
fxe6 26. Bxc4 Rxc4 27. Kd2 Kf6 28. Rc1 Rxc1 29. Kxc1 h5 30. Kd2 Kf5 31. Kd3
g5 32. Kd4 g4 33. b4 h4 34. a4 Kf6 35. a5 Kf5 36. axb6 axb6 37. f3 gxf3 38.
gxf3 b5 39. h3 Kf6 40. Kc5 Ke7 41. Kxb5 Kd6 42. Ka6 Kc7 43. b5 Kb8 44. Kb6
e5 45. Kc5 1-0

[Event "IsBank TCh-TUR"]
[Site "Konya TUR"]
[Date "2010.07.07"]
[Round "11"]
[White "Kanli,K"]
[Black "Okus,M"]
[Result "0-1"]
[WhiteElo "1939"]
[BlackElo "1878"]
[EventDate "2010.06.29"]

1. e4 c5 2. Nf3 Nc6 3. d4 cxd4 4. Nxd4 g6 5. Nc3 Bg7 6. Be3 Nf6 7. Bc4 O-O
8. Bb3 Ng4 9. Qxg4 Nxd4 10. Qd1 Nxb3 11. axb3 a5 12. Bd4 Bxd4 13. Qxd4 b5
14. Nxb5 Ba6 15. Nc3 f5 16. exf5 Rxf5 17. O-O-O Bb7 18. f3 Bc6 19. h4 a4
20. bxa4 Qa5 21. Rhe1 e6 22. g4 Rxf3 23. h5 Qg5+ 24. Kb1 Rf4 25. Qd3 Rxg4
26. hxg6 hxg6 27. b3 Rf8 28. Ne4 Qf5 29. Nd6 Qxd3 30. Rxd3 Rf2 31. Kb2 Kf8
32. a5 Ke7 33. a6 Rf8 34. Ra1 Rh4 35. c4 g5 36. b4 Rh2+ 37. Kb3 g4 38. b5
Rf3 39. Rxf3 Bxf3 40. c5 g3 41. b6 Bd5+ 42. Kc3 g2 43. b7 Rh1 44. b8=Q Rxa1
45. Qg8 Kf6 46. Qf7+ Kg5 47. Qg7+ Kf4 48. Qf6+ Kg3 49. Qg5+ Kh3 50. Qh5+
Kg3 51. Qg5+ Kf3 52. Qh5+ Kf2 53. Qh4+ Ke2 54. Qg4+ Bf3 55. Qc4+ Ke1 56.
Qd4 Kf1 57. Kb2 Re1 58. Nc4 g1=Q 59. Nd2+ Ke2 60. Nxf3 Kxf3 0-1

[Event "IsBank TCh-TUR"]
[Site "Konya TUR"]
[Date "2010.07.07"]
[Round "11"]
[White "Komut,K"]
[Black "Kazdagli,B"]
[Result "1/2-1/2"]
[WhiteElo "1937"]
[BlackElo "1823"]
[EventDate "2010.06.29"]

1. e4 e5 2. Nf3 Nc6 3. Bb5 a6 4. Ba4 Nf6 5. O-O Be7 6. d4 Nxd4 7. Nxd4 exd4
8. e5 Nd5 9. Bb3 Nb6 10. Qxd4 O-O 11. Bf4 d6 12. exd6 Bxd6 13. Re1 Bxf4 14.
Qxf4 Be6 15. Nc3 Bxb3 16. axb3 Nd5 17. Nxd5 Qxd5 18. Rad1 Qc6 19. Qe4 Qxe4
20. Rxe4 Rad8 21. Red4 Rxd4 22. Rxd4 Re8 23. Kf1 Kf8 24. Rd7 Re7 25. Rd8+
Re8 26. Rd7 Re7 27. Rd8+ Re8 28. Rd7 Re7 29. Rd8+ Re8 30. Rd7 1/2-1/2